Statistics for 5 Largest Solar System Objects by Length of the Name

Click here to take the quiz!

General Stats

  • This quiz has been taken 26 times
  • The average score is 19 of 46

Answer Stats

Answer% Correct
Jupiter
100%
Venus
95%
Earth
91%
Europa
91%
Io
91%
Mars
91%
Mercury
91%
Neptune
91%
Saturn
91%
Uranus
91%
Sun
86%
Ganymede
82%
Pluto
82%
Titan
82%
Moon / Luna
77%
Callisto
64%
Eris
64%
Oberon
59%
Makemake
50%
Titania
50%
Triton
45%
Umbriel
41%
Enceladus
32%
Dysnomia
27%
Iapetus
27%
Nix
23%
Hyperion
14%
Interamnia
14%
Amphitrite
9%
Churyumov-Gerasimenko
9%
Eos
9%
Eva
9%
Huya
9%
Agamemnon
5%
Aleksandra
5%
Astronautica
5%
Deucalion
5%
Herculina
5%
Hermentaria
5%
Iris
5%
Parthenope
5%
Patientia
5%
Rhadamathus
5%
Terpsichore
5%
Winchester
5%
Zoe
5%

Score Distribution

Percentile by Number Answered

Percent of People with Each Score

Your Score History

You have not taken this quiz